000 00697nam a2200217Ia 4500
001 3133
003 GE_BSU
008 181216s||||||||xx |||||||||||||| ||und||
020 _a5774900010
040 _cGE_BSU
100 _aМайбурд, Е М.
245 _aВведениие в историю кономической мысли. От пророков до професоров.
245 _cРед. В,В. Антонов.
260 _aМосква
260 _bДело, Вита- Пресс
260 _c1997
300 _a544 см. 24 см.
541 _h13 Л. 90 Т.
653 _aВведениие в историю экономической мысли
942 _cBK
999 _c37177
_d37177